000 00949nam a2200277 i 4500
001 11257
003 ES-MaACL
005 20250801101012.0
007 t|
008 930705s1992 sp |||| | spa j
020 _a84-7100-399-6 rúst
080 _a892.7.09"18/19"
080 _a914.60(0:82)
100 1 _aMartínez Montávez, Pedro.
_978252
245 1 0 _aAl-Andalus, España, en la literatura árabe contemporánea
_b: la casa del pasado /
_cPedro Martínez Montávez.
260 _aMadrid :
_bMAPFRE,
_c[1992]
300 _a290 p ;
_c23 cm.
490 1 _aColección Al-Andalus ;
_v2
504 _aBibliografía. Índices.
650 1 4 _aLiteratura árabe-
_yS.XIX-
_xHistoria y crítica.
_9167636
650 0 4 _aLiteratura árabe-
_yS.XX-
_xHistoria y crítica.
_914506
651 4 _aEspaña-
_xEn la literatura.
_98195
830 0 0 _aColección Al-Andalus
_v2
_9178982
852 _aES-MaACL
_jL-18602
999 _c11257
_d11257